000 02997cam a22005294i 4500
003 PE-LiUPU
005 20250731172858.0
008 170102s2015 xxua rb 001 0 eng d
020 _a0830850945
020 _a9780830850945
035 _a(Sirsi) a165796
040 _aPE-LiUPU
_bspa
_cPE-LiUPU
_erda
049 _aPRUA
082 0 4 _a261
_bT46
_223
245 0 4 _aThe gospel and pluralism today :
_breassessing Lesslie Newbigin in the 21st century /
_cedited by Scott W. Sunquist and Amos Yong.
264 1 _aDowners Grove :
_bInterVarsity Press,
_c2015.
300 _a238 páginas :
_bilustraciones ;
_c23 centimetros
336 _atext
_2rdacontent
337 _aunmediated
_2rdamedia
338 _avolume
_2rdacarrier
504 _aBibliografía : páginas 232-234.
504 _aÍndices: páginas 235-238.
505 0 _aIntroduction: the legacy of Newbigin for mission to the West / Scott W. Sunquist -- Newbigin in his time / Wilbert R. Shenk -- Newbigin's theology of mission and culture after twenty-five years : attending to the "subject" of mission / William R. Burrows -- Community and witness in transition : Newbigin's missional ecclesiology between modernity and postmodernity / Veli-Matti Kärkkäinen and Michael Karim -- Holistic theological method and theological epistemology : performing Newbigin's plurality of sources in the pluralist context / Steven B. Sherman -- Honoring true otherness in a still-antipluralist culture / Esther L. Meek -- Pluralism, secularism and Pentecost : Newbigin-ings for Missio Trinitatis in a new century / Amos Yong -- Evangelism in a pluralist society : the Newbigin vision / Carrie Boren Headington -- What does it mean for a congregation to be a hermeneutic? / John G. Flett -- Asian perspectives on twenty-first-century pluralism / Allen Yeh.
526 _aSEG42
526 _aSEG41
526 _aSEG40
526 _aSEG39
526 _aP94
526 _aP87
526 _aP86
526 _aP85
526 _aP77
526 _aP76
526 _aP35
650 0 4 _aApologética.
_92321
650 0 4 _aCristianismo y cultura.
_91358
700 1 _aSunquist, Scott W.
_q(Scott William),
_d1953- ,
_eeditor.
910 _ajck
_bjvq
_cjck
_d20160102
910 _adbm
_bncf
_cncf
_d20180108
942 _2ddc
_cBOOK
949 _a261 W94
_wDEWEY
_c1
_i75480
_lCATALOGING
_mBUL
_p00.00
_r0
_sY
_tBOOK
_u2017-01-02
_xTEOLOGIA
_zPOSGRADO TEOLOGÍA
_0COMPRA
_o.CIRCNOTE. El documento es de alto precio.
_o.STAFF. Colección Teología
596 _a1
999 _a261 W94
_wDEWEY
_c14544
_i75480
_f2021-11-10
_g5
_lCCODEBUL1
_mBUL
_p19.00
_r0
_sY
_tBOOK
_u2017-1-2
_xTEOLOGIA
_PP85
_0COMPRA
_o.STAFF. Colección Teología
_d14544
999 _a261 W94
_wDEWEY
_c2
_i77969
_f2021-11-10
_g4
_lCCODEBUL1
_mBUL
_p16.50
_r0
_sY
_tBOOK
_u2018-1-8
_xTEOLOGIA
_PP85
_0DONACION
_o.STAFF. Colección Teología
980 _81
_gALBERTO SANCHEZ Responsable de Automatización